00932nam a22002057a 4500003000900000008004100009040007100050082002000121100002700141245019100168260002700359300003000386440002700416505018900443650001100632650002500643650001500668650001400683650002900697AR-CdUCM190223b ||||| |||| 00| 0 spa d aMUNICIPALIDAD PROVINCIAL DEL CUSCOcBIBLIOTECA MUNICIPAL DEL CUSCO a985.0013 /bL96 a Luna Vegas, Ricardo, aMariátegui, Haya de la Torre y la verdad histórica :bLa verdad en sus documentos originales. Refutación de las versiones apristas. Una polémica cuya vigencia se mantiene viva /  aLima :bRetama,c1978. a139 páginas ;c17.5 cm. aHistoria polítican3 aContenido: Mariátegui y Haya de la Torre -- 1923: Haya lider y obrero estudiantil, Mariátegui profesor de la UPGP -- 1924: Mariátegui se agrava, Haya de la Torre funda el APRA... aPerú aPartidos políticos aSocialismo aComunismo aJose Carlos Mariátegui